000 00833 a2200217 4500
020 _a0131240722
040 _aDLC
_bDLC
082 0 0 _a005.4/37
100 1 _aBlanchette, Jasmin.
245 1 0 _aC++ GUI programming with Qt3
_cJasmin Blanchette, Mark Summerfield.
246 3 _aC plus plus programming with Qt3
260 _aDelhi. :
_bPearson,
_cc2004.
300 _axvi, 440 p. :
_bill. ;
_c24 cm. +
_e1 CD-ROM (4 3/4 in.)
440 0 _aBruce Perens' Open source series
500 _aIncludes index.
538 _aSystem requirements for accompanying CD-ROM: Windows 95, 98, NT 4, ME, 2000, XP, or Mac OS X, or Linus, or most versions of Unix; CD-ROM drive.
650 0 _aGraphical user interfaces (Computer systems)
650 0 _aC++ (Computer program language)
700 1 _aSummerfield, Mark.
942 _cBK
_k005.437 BLA
_2ddc
999 _c6651
_d6651